Primer registro de dos géneros de palma para la flora colombiana (Registro nro. 15270)

Detalles MARC
000 -CABECERA
Campo de control 003340000a22001090004500
090 ## - CLASIFICACIÓN LOCAL
Colección AS
Consecutivo Seriadas
041 0# - IDIOMA
Código de idioma para texto/pista de sonido o título separado
100 1# - ASIENTO PRINCIPAL--NOMBRE PERSONAL
Nombre personal Galeano Garcés, Gloria
245 10 - MENCION DE TITULO
Título Primer registro de dos géneros de palma para la flora colombiana
773 1# - Item fuente:
Título Mutisia: Acta Botánica Colombiana
Especificación de materiales 893
Descripción física 66
Paginas del Articulo 1-4
Lugar, editorial y fecha de publicación 1986
942 ## - ELEMENTOS ADICIONALES (KOHA)
Tipo de ítem Artículo

No hay ítems disponibles.